The general of the dead army / (Record no. 15419)
[ view plain ]
| 000 -LEADER | |
|---|---|
| fixed length control field | 01319cam a2200373 a 4500 |
| 001 - CONTROL NUMBER | |
| control field | 15180911 |
| 003 - CONTROL NUMBER IDENTIFIER | |
| control field | EG-ScBUE |
| 005 - DATE AND TIME OF LATEST TRANSACTION | |
| control field | 20220320101440.0 |
| 008 - FIXED-LENGTH DATA ELEMENTS--GENERAL INFORMATION | |
| fixed length control field | 080214s2008 enk f 000 1 eng d |
| 020 ## - INTERNATIONAL STANDARD BOOK NUMBER | |
| International Standard Book Number | 0099518260 |
| 020 ## - INTERNATIONAL STANDARD BOOK NUMBER | |
| International Standard Book Number | 9780099518266 |
| 035 ## - SYSTEM CONTROL NUMBER | |
| System control number | (OCoLC)150351204 |
| 035 ## - SYSTEM CONTROL NUMBER | |
| System control number | (OCoLC)ocn150351204 |
| 040 ## - CATALOGING SOURCE | |
| Original cataloging agency | DLC |
| Language of cataloging | eng |
| Description conventions | rda |
| Transcribing agency | DLC |
| Modifying agency | YDX |
| -- | BTCTA |
| -- | YDXCP |
| -- | BAKER |
| -- | DLC |
| -- | EG-ScBUE |
| 041 1# - LANGUAGE CODE | |
| Language code of text/sound track or separate title | eng |
| Language code of intermediate translations | fre |
| Language code of original and/or intermediate translations of text | alb |
| 043 ## - GEOGRAPHIC AREA CODE | |
| Geographic area code | e-aa--- |
| 082 04 - DEWEY DECIMAL CLASSIFICATION NUMBER | |
| Classification number | 891.9913 |
| Edition number | 22 |
| Item number | KAD |
| 100 1# - MAIN ENTRY--PERSONAL NAME | |
| Personal name | Kadare, Ismail, |
| Relator term | author. |
| 9 (RLIN) | 24190 |
| 240 10 - UNIFORM TITLE | |
| Uniform title | <a href="Gjenerali i ushterise se vdekur.">Gjenerali i ushterise se vdekur.</a> |
| Language of a work | English |
| 245 14 - TITLE STATEMENT | |
| Title | The general of the dead army / |
| Statement of responsibility, etc | Ismail Kadare ; translated from the French version of the Albanian by Derek Coltman. |
| 264 #1 - PUBLICATION, DISTRIBUTION, ETC. (IMPRINT) | |
| Place of publication, distribution, etc | London : |
| Name of publisher, distributor, etc | Vintage Books, |
| Date of publication, distribution, etc | 2008. |
| 300 ## - PHYSICAL DESCRIPTION | |
| Extent | 263 pages ; |
| Dimensions | 23 cm |
| 336 ## - CONTENT TYPE | |
| Source | rdacontent |
| Content type term | text |
| Content type code | txt |
| 337 ## - MEDIA TYPE | |
| Source | rdamedia |
| Media type term | unmediated |
| Media type code | n |
| 338 ## - CARRIER TYPE | |
| Source | rdacarrier |
| Carrier type term | volume |
| Carrier type code | nc |
| 546 ## - LANGUAGE NOTE | |
| Language note | Translated from the French; originally written in Albanian |
| 650 ## - SUBJECT ADDED ENTRY--TOPICAL TERM | |
| Source of heading or term | BUEsh |
| 651 #7 - SUBJECT ADDED ENTRY--GEOGRAPHIC NAME | |
| Geographic name | Albania |
| General subdivision | History |
| Form subdivision | Fiction. |
| Source of heading or term | BUEsh |
| 9 (RLIN) | 24191 |
| 653 ## - INDEX TERM--UNCONTROLLED | |
| Arrived date list | May2011 |
| Resource For college | Humanities: English |
| 655 ## - INDEX TERM--GENRE/FORM | |
| Form subdivision | Reading book |
| 9 (RLIN) | 34232 |
| 700 1# - ADDED ENTRY--PERSONAL NAME | |
| Personal name | Coltman, Derek, |
| Relator term | translator. |
| 9 (RLIN) | 24192 |
| 942 ## - ADDED ENTRY ELEMENTS (KOHA) | |
| Source of classification or shelving scheme | Dewey Decimal Classification |
| Koha item type | Book - Borrowing |
| Withdrawn status | Lost status | Source of classification or shelving scheme | Damaged status | Not for loan | Collection code | Home library | Current library | Shelving location | Date acquired | Source of acquisition | Cost, normal purchase price | Serial Enumeration / chronology | Total Checkouts | Total Renewals | Full call number | Barcode | Date last seen | Date checked out | Price effective from | Koha item type |
|---|---|---|---|---|---|---|---|---|---|---|---|---|---|---|---|---|---|---|---|---|
| Dewey Decimal Classification | Baccah | Central Library | Central Library | Second Floor | 26/05/2011 | 100.00 | 12344 | 2 | 30 | 891.9913 KAD | 000023745 | 07/12/2025 | 17/11/2025 | 26/05/2011 | Book - Borrowing |